Introducción a los espacios de hilbert /
Guardado en:
| Autor Principal: | |
|---|---|
| Formato: | Libro |
| Publicado: |
Washington :
O.e.a.,
1978
|
| Materias: | |
| Etiquetas: |
Agregar Etiqueta
Sin Etiquetas, Sea el primero en etiquetar este registro!
|
| LEADER | 00888nam a22001935a 4500 | ||
|---|---|---|---|
| 001 | CEM.cems004663 | ||
| 005 | 20060217000000.0 | ||
| 008 | 130507s1978##################000#0#####d | ||
| 003 | CEMS | ||
| 082 | 0 | 4 | |a 512.89 |
| 100 | 1 | |a Nieto, José I | |
| 245 | 1 | 0 | |a Introducción a los espacios de hilbert / |
| 260 | |a Washington : |b O.e.a., |c 1978 | ||
| 300 | |a 150 p. | ||
| 505 | 0 | |a Idea de punto, recta y plano; Segmentos; Angulo convexo, llano y concavo; Suma de angulos; Clasificación de angulos convexos; Rectas perpendiculares; Angulos formados por dos rectas cortadas por una tercera; Triangulos; Igualdad de triangulos; Circunferencia; Triangulos rectangulos; Segmentos comprendidos entre un punto y una recta; Lugar geometrico; Alturas de una triangulo | |
| 653 | |a Algebra | ||
| 653 | |a Espacios de hilbert | ||
| 653 | |a Matematica | ||
| 859 | |a CEMS |b BIB. CEMS - 11 de abril |h 512.89 |i N558 |p 9929.81 |t Ej.1 | ||
